Eliminating Gender-Based Violence (Record no. 1848596)

MARC details
000 -LEADER
fixed length control field 00559nam a22001937a 4500
005 - DATE AND TIME OF LATEST TRANSACTION
control field 20260428124134.0
008 - FIXED-LENGTH DATA ELEMENTS--GENERAL INFORMATION
fixed length control field 260428b |||||||| |||| 00| 0 eng d
037 ## - SOURCE OF ACQUISITION
Terms of availability DSWL
040 ## - CATALOGING SOURCE
Original cataloging agency DSWL
Transcribing agency DSWL
041 ## - LANGUAGE CODE
Language code of original eng
084 ## - COLON CLASSIFICATION NUMBER
Classification number Y:491 Q8
245 ## - TITLE STATEMENT
Title Eliminating Gender-Based Violence
260 ## - PUBLICATION, DISTRIBUTION, ETC.
Place of publication, distribution, etc. London,
Name of publisher, distributor, etc. Routledge Publication,
Date of publication, distribution, etc. 2018
300 ## - PHYSICAL DESCRIPTION
Extent 182p
365 ## - TRADE PRICE
Price type code GBP
Price amount 29.99
700 ## - ADDED ENTRY--PERSONAL NAME
Personal name Beth R. Crisp Ed.
9 (RLIN) 1235878
942 ## - ADDED ENTRY ELEMENTS (KOHA)
Source of classification or shelving scheme Colon Classification (CC)
Koha item type Textual
Classification part Y:491 Q8
Suppress in OPAC No
Holdings
Withdrawn status Lost status Source of classification or shelving scheme Damaged status Not for loan Home library Current library Date acquired Source of acquisition Total Checkouts Full call number Barcode Date last seen Price effective from Koha item type
    Colon Classification (CC)     Department of Social Work Library Department of Social Work Library 2026-04-28 Classic Book Service   Y:491 Q8 SW0032441 2026-04-28 2026-04-28 Textual
Copyright @ Delhi University Library System